01055nac a22002051u 4500010001500000020002800015082001800043090001500061100003400076245010100110260005400211300007300265504005100338538023700389650002400626700002000650942002000670999001500690952014400705 a2001045226 a0072510226 (alk. paper)00a658.84bM6973 c1198d1198 a20080729 00aInternet marketing :bbuilding advantage in the networked economy /cRafi Mohammed ... [et al.]. aBoston :bMcGraw-Hill/Irwin marketspaceU,cc2002. axli, 726 p. :bill. ;c26 cm. +e1 computer optical disc (4 3/4 in.) aIncludes bibliographical references and index. aSystem requirements for accompanying computer disc: requires Windows 95, Windows 98, Windows Me, Windows 2000, Microsoft Office 97 with SR1 or later, or Microsoft Office 2000, or Microsoft Office XP, Internet Explorer 4.0 or higher. 0aInternet marketing.1 aMohammed, Rafi. cBBk658.84M6973 c1198d1198 00102ddc40708 aMAINbMAINc1STd2006-08-27epurchaseg167.65l6m8o658.84 INTp000003294r2025-07-15 00:00:00s2022-09-29v209.56yBB